Health assessment : (Record no. 4865)

MARC details
000 -LEADER
fixed length control field 01013pam a2200289 a 4500
001 - CONTROL NUMBER
control field 2524307
003 - CONTROL NUMBER IDENTIFIER
control field OSt
005 - DATE AND TIME OF LATEST TRANSACTION
control field 20160725154419.0
008 - FIXED-LENGTH DATA ELEMENTS--GENERAL INFORMATION
fixed length control field 930804s1994 paua b 001 0 eng c
010 ## - LIBRARY OF CONGRESS CONTROL NUMBER
LC control number 93030471
020 ## - INTERNATIONAL STANDARD BOOK NUMBER
International Standard Book Number 0397550030
040 ## - CATALOGING SOURCE
Original cataloging agency DNLM/DLC
Transcribing agency DLC
Modifying agency DLC
082 ## - DEWEY DECIMAL CLASSIFICATION NUMBER
Classification number WY 100
Item number F958h 1994
100 1# - MAIN ENTRY--PERSONAL NAME
Personal name Fuller, Jill.
9 (RLIN) 10444
245 10 - TITLE STATEMENT
Title Health assessment :
Remainder of title a nursing approach /
Statement of responsibility, etc. Jill Fuller, Jennifer Schaller-Ayers.
250 ## - EDITION STATEMENT
Edition statement 2nd ed.
260 ## - PUBLICATION, DISTRIBUTION, ETC. (IMPRINT)
Place of publication, distribution, etc. Philadelphia :
Name of publisher, distributor, etc. J.B. Lippincott,
Date of publication, distribution, etc. 1994.
300 ## - PHYSICAL DESCRIPTION
Extent xviii, 702 p. :
Other physical details col.ill ;
Dimensions 29 cm.
504 ## - BIBLIOGRAPHY, ETC. NOTE
Bibliography, etc Includes bibliographical references and index.
650 #0 - SUBJECT ADDED ENTRY--TOPICAL TERM
Topical term or geographic name as entry element Nursing assessment.
9 (RLIN) 2385
650 #0 - SUBJECT ADDED ENTRY--TOPICAL TERM
Topical term or geographic name as entry element Physical diagnosis.
9 (RLIN) 2390
650 #2 - SUBJECT ADDED ENTRY--TOPICAL TERM
Topical term or geographic name as entry element Nursing Assessment.
9 (RLIN) 2385
700 2# - ADDED ENTRY--PERSONAL NAME
Personal name Schaller-Ayers, Jennifer.
9 (RLIN) 10445
906 ## - LOCAL DATA ELEMENT F, LDF (RLIN)
a 7
b cbc
c orignew
d 1
e ocip
f 19
g y-gencatlg
942 ## - ADDED ENTRY ELEMENTS (KOHA)
Source of classification or shelving scheme Other/Generic Classification Scheme
Koha item type Open Shelf
Holdings
Withdrawn status Lost status Source of classification or shelving scheme Damaged status Not for loan Home library Current library Date acquired Source of acquisition Inventory number Total Checkouts Full call number Barcode Date last seen Price effective from Koha item type
    Other/Generic Classification Scheme     MUST Main Library MUST Main Library 25/07/2016   2007/28446   WY 100 F958h 1994 2016-3438 25/07/2016 25/07/2016 Open Shelf